| 000 | nam a22 a 4500 | ||
|---|---|---|---|
| 999 |
_c331951 _d331951 |
||
| 003 | BLK | ||
| 005 | 20230124180942.0 | ||
| 008 | 190702b bu ||||| |||| 00| 0 bu d | ||
| 020 | _a978-954-361-270-3 | ||
| 040 | _aBLK | ||
| 041 |
_aBUL _cBUL |
||
| 080 |
_aБългарска литература _b821.163.2 _x-93-1 _z821.163.2-93-1 |
||
| 100 |
_91426 _aЖекова, Ангелина Иванова _eстихове |
||
| 139 |
_aЖекова, Ангелина Иванова _bЖ 32 |
||
| 245 |
_aЧервената шапчица _bПо мотиви от приказката на Шарл Перо _c Ангелина Иванова Жекова; По Шарл Перо |
||
| 260 |
_9214073 _aСофия _bПосоки _c2012 |
||
| 300 |
_a8 с. _bс цв. ил. _c22 см |
||
| 380 | _aDX | ||
| 490 |
_9394558 _aБабо, прочети ми приказката в рими _v8 |
||
| 700 |
_9829 _aПеро, Шарл _eпо |
||
| 942 |
_2udc _cKNG _n0 _04 |
||